000 00563nam a2200217Ia 4500
003 OSt
005 20220928145703.0
006 a|||||r|||| 00| 0
007 ta
008 220927b |||||||| |||| 00| 0 eng d
024 _a81849
037 _cTextual
040 _aSDCL
_cSDCL
_beng
041 _2eng
_aeng
082 _aO-,3N:g, L0
100 _aColby Vineta
_9514014
245 0 _aSingular anomaly
_b Women novelists of the nineteenth century
260 _c1970
942 _hO-,3N:g, L0
_cTEXL
_2CC
999 _c834688
_d834688